[Event "EUYCC 2025 - U12"]
[Site "?"]
[Date "2025.08.26"]
[Round "8.5"]
[White "Temirbek, Amirali"]
[Black "Ganea, Yanis-Andrei"]
[Result "1-0"]
[BlackElo "1917"]
[WhiteElo "1773"]
[LiveChessVersion "1.4.8"]

1. d4 {[%clk 1:30:56]} Nf6 {[%clk 1:30:54]} 2. c4 {[%clk 1:31:18]} e6
{[%clk 1:31:18]} 3. Nf3 {[%clk 1:31:43]} h6 {[%clk 1:31:43]} 4. g3
{[%clk 1:32:07]} d5 {[%clk 1:31:17]} 5. Bg2 {[%clk 1:32:30]} c6 {[%clk 1:31:14]}
6. O-O {[%clk 1:32:34]} Be7 {[%clk 1:30:28]} 7. Qc2 {[%clk 1:32:54]} O-O
{[%clk 1:30:36]} 8. Rd1 {[%clk 1:33:00]} Nbd7 {[%clk 1:30:39]} 9. Nbd2
{[%clk 1:33:16]} a5 {[%clk 1:26:51]} 10. b3 {[%clk 1:33:09]} b6 {[%clk 1:26:50]}
11. Bb2 {[%clk 1:32:59]} Ba6 {[%clk 1:26:22]} 12. e4 {[%clk 1:32:33]} Rc8
{[%clk 1:22:16]} 13. Rac1 {[%clk 1:30:11]} Re8 {[%clk 1:05:03]} 14. Ne5
{[%clk 1:26:28]} c5 {[%clk 0:37:44]} 15. exd5 {[%clk 1:22:27]} exd5
{[%clk 0:28:47]} 16. cxd5 {[%clk 1:22:37]} Qc7 {[%clk 0:29:03]} 17. Nc6
{[%clk 1:20:44]} Bd6 {[%clk 0:27:35]} 18. Nc4 {[%clk 1:19:14]} Bb7
{[%clk 0:26:16]} 19. dxc5 {[%clk 1:17:27]} bxc5 {[%clk 0:22:51]} 20. N4xa5
{[%clk 1:15:47]} Ba6 {[%clk 0:15:54]} 21. Nc4 {[%clk 1:13:31]} Ng4
{[%clk 0:15:46]} 22. Qf5 {[%clk 1:12:20]} Bxc4 {[%clk 0:15:44]} 23. Qxg4
{[%clk 1:11:58]} Ne5 {[%clk 0:15:12]} 24. Bxe5 {[%clk 1:12:05]} Bxe5
{[%clk 0:15:13]} 25. bxc4 {[%clk 1:12:28]} Bd6 {[%clk 0:14:24]} 26. Rb1
{[%clk 1:11:43]} Ra8 {[%clk 0:14:28]} 27. Rd2 {[%clk 1:11:28]} Ra4
{[%clk 0:14:32]} 28. Rdb2 {[%clk 1:11:17]} h5 {[%clk 0:14:05]} 29. Qxh5
{[%clk 1:11:17]} Rxc4 {[%clk 0:14:25]} 30. Rb7 {[%clk 1:11:29]} Rc1+
{[%clk 0:14:27]} 31. Bf1 {[%clk 1:10:54]} Rxb1 {[%clk 0:14:25]} 32. Rxb1
{[%clk 1:11:16]} Be5 {[%clk 0:14:17]} 33. Nxe5 {[%clk 1:07:12]} Rxe5
{[%clk 0:14:41]} 34. Qf3 {[%clk 1:07:25]} g6 {[%clk 0:14:49]} 35. Qf6
{[%clk 1:07:24]} Rf5 {[%clk 0:14:57]} 36. Qc6 {[%clk 1:07:24]} Qe5
{[%clk 0:15:05]} 37. Qxc5 {[%clk 1:07:43]} Kg7 {[%clk 0:15:26]} 38. Rc1
{[%clk 1:07:53]} Qe4 {[%clk 0:15:21]} 39. Qc3+ {[%clk 1:07:39]} Rf6
{[%clk 0:15:28]} 40. d6 {[%clk 1:07:28]} Qf5 {[%clk 0:15:48]} 41. Qd4
{[%clk 1:07:40]} 1-0

[Event "EUYCC 2025 - U12"]
[Site "?"]
[Date "2025.08.26"]
[Round "8.6"]
[White "Cieslar, Nikodem"]
[Black "Rudys, Augustas"]
[Result "1-0"]
[BlackElo "1555"]
[WhiteElo "1786"]
[LiveChessVersion "1.4.8"]

1. e4 {[%clk 1:30:57]} c5 {[%clk 1:30:48]} 2. c3 {[%clk 1:31:14]} d5
{[%clk 1:31:07]} 3. exd5 {[%clk 1:31:37]} Qxd5 {[%clk 1:31:31]} 4. d4
{[%clk 1:32:01]} Nf6 {[%clk 1:31:54]} 5. Nf3 {[%clk 1:32:27]} Bg4
{[%clk 1:32:14]} 6. Be2 {[%clk 1:32:48]} e6 {[%clk 1:32:10]} 7. O-O
{[%clk 1:30:40]} Nc6 {[%clk 1:31:30]} 8. Be3 {[%clk 1:29:28]} cxd4
{[%clk 1:31:23]} 9. cxd4 {[%clk 1:29:33]} Be7 {[%clk 1:31:16]} 10. Nc3
{[%clk 1:29:41]} Qd6 {[%clk 1:29:56]} 11. h3 {[%clk 1:27:37]} Bh5
{[%clk 1:29:53]} 12. Rc1 {[%clk 1:23:28]} O-O {[%clk 1:26:59]} 13. Nb5
{[%clk 1:08:50]} Qd7 {[%clk 1:24:44]} 14. Ne5 {[%clk 1:08:25]} Nxe5
{[%clk 1:15:43]} 15. dxe5 {[%clk 1:08:48]} Bxe2 {[%clk 1:15:20]} 16. Qxe2
{[%clk 1:08:59]} Nd5 {[%clk 1:14:29]} 17. Rfd1 {[%clk 1:08:19]} a6
{[%clk 1:09:18]} 18. Nc7 {[%clk 1:05:42]} Rac8 {[%clk 1:08:46]} 19. Nxd5
{[%clk 1:02:28]} exd5 {[%clk 1:07:22]} 20. Rxc8 {[%clk 1:00:33]} Rxc8
{[%clk 1:07:36]} 21. Qf3 {[%clk 1:00:38]} Rd8 {[%clk 1:03:42]} 22. Bb6
{[%clk 0:58:18]} Rc8 {[%clk 0:59:56]} 23. Qxd5 {[%clk 0:57:39]} Qxd5
{[%clk 0:58:26]} 24. Rxd5 {[%clk 0:58:02]} Rc1+ {[%clk 0:57:00]} 25. Kh2
{[%clk 0:58:26]} Rc2 {[%clk 0:56:34]} 26. Rd7 {[%clk 0:58:18]} Bg5
{[%clk 0:55:03]} 27. Rxb7 {[%clk 0:57:03]} Bf4+ {[%clk 0:53:56]} 28. g3
{[%clk 0:57:22]} Bxe5 {[%clk 0:53:33]} 29. Re7 {[%clk 0:57:12]} f6
{[%clk 0:53:25]} 30. Ra7 {[%clk 0:54:37]} Rxb2 {[%clk 0:50:03]} 31. Rxa6
{[%clk 0:54:53]} Kf7 {[%clk 0:49:22]} 32. Be3 {[%clk 0:53:56]} g5
{[%clk 0:48:22]} 33. Kg2 {[%clk 0:51:48]} h6 {[%clk 0:46:44]} 34. g4
{[%clk 0:51:59]} Rb4 {[%clk 0:45:57]} 35. a4 {[%clk 0:50:56]} h5 {[%clk 0:43:18]}
36. gxh5 {[%clk 0:49:38]} Rh4 {[%clk 0:43:23]} 37. Ra8 {[%clk 0:49:51]} Rxh5
{[%clk 0:42:24]} 38. a5 {[%clk 0:49:58]} Rh4 {[%clk 0:42:29]} 39. a6
{[%clk 0:50:12]} Bd4 {[%clk 0:42:40]} 40. Bxd4 {[%clk 0:50:19]} Rxd4
{[%clk 0:43:02]} 41. a7 {[%clk 0:50:43]} Ra4 {[%clk 0:43:11]} 42. Rh8
{[%clk 0:51:07]} 1-0

[Event "EUYCC 2025 - U12"]
[Site "?"]
[Date "2025.08.26"]
[Round "8.7"]
[White "Fei, Emie"]
[Black "Kozusnik, Jan"]
[Result "0-1"]
[BlackElo "1726"]
[WhiteElo "1557"]
[LiveChessVersion "1.4.8"]

1. e4 {[%clk 1:30:51]} c5 {[%clk 1:30:57]} 2. c3 {[%clk 1:30:42]} Nf6
{[%clk 1:31:21]} 3. e5 {[%clk 1:30:34]} Nd5 {[%clk 1:31:45]} 4. d4
{[%clk 1:30:39]} Nc6 {[%clk 1:30:54]} 5. dxc5 {[%clk 1:25:39]} e6
{[%clk 1:30:26]} 6. Bc4 {[%clk 1:24:18]} Qc7 {[%clk 1:17:55]} 7. Bxd5
{[%clk 1:15:09]} exd5 {[%clk 1:16:51]} 8. Qxd5 {[%clk 1:13:02]} Qxe5+
{[%clk 1:16:57]} 9. Qxe5+ {[%clk 1:13:12]} Nxe5 {[%clk 1:17:17]} 10. Ke2
{[%clk 1:06:19]} Bxc5 {[%clk 1:16:56]} 11. b4 {[%clk 1:02:06]} Bb6
{[%clk 1:16:10]} 12. Be3 {[%clk 0:57:46]} Bxe3 {[%clk 1:15:36]} 13. Kxe3
{[%clk 0:56:46]} O-O {[%clk 1:15:12]} 14. f4 {[%clk 0:54:17]} Nc4+
{[%clk 1:08:15]} 15. Kd3 {[%clk 0:52:41]} d5 {[%clk 1:08:00]} 16. Nf3
{[%clk 0:50:08]} Bf5+ {[%clk 0:57:51]} 17. Ke2 {[%clk 0:46:44]} Rfe8+
{[%clk 0:57:14]} 18. Kf2 {[%clk 0:45:35]} Re3 {[%clk 0:55:56]} 19. Re1
{[%clk 0:41:56]} Rxe1 {[%clk 0:40:03]} 20. Nxe1 {[%clk 0:40:45]} Re8
{[%clk 0:38:55]} 21. g3 {[%clk 0:40:27]} Re3 {[%clk 0:34:27]} 22. Ng2
{[%clk 0:38:51]} Re6 {[%clk 0:32:18]} 23. a4 {[%clk 0:36:38]} Bd3
{[%clk 0:30:32]} 24. Na3 {[%clk 0:32:48]} Re2+ {[%clk 0:28:29]} 25. Kg1
{[%clk 0:32:42]} Be4 {[%clk 0:27:50]} 26. Nh4 {[%clk 0:29:56]} Nxa3
{[%clk 0:23:18]} 27. Rxa3 {[%clk 0:29:02]} h6 {[%clk 0:22:50]} 28. g4
{[%clk 0:26:06]} g5 {[%clk 0:22:17]} 29. fxg5 {[%clk 0:26:20]} hxg5
{[%clk 0:22:13]} 30. Nf5 {[%clk 0:26:14]} Rg2+ {[%clk 0:22:04]} 31. Kf1
{[%clk 0:26:33]} Rxh2 {[%clk 0:22:06]} 32. Ng3 {[%clk 0:26:34]} Bf3
{[%clk 0:16:08]} 33. c4 {[%clk 0:24:53]} Bxg4 {[%clk 0:15:19]} 34. cxd5
{[%clk 0:24:20]} Rd2 {[%clk 0:11:55]} 35. Ne4 {[%clk 0:23:59]} Rd1+
{[%clk 0:11:56]} 36. Kf2 {[%clk 0:24:13]} Kg7 {[%clk 0:11:45]} 37. Rg3
{[%clk 0:22:29]} f5 {[%clk 0:11:19]} 38. Nc3 {[%clk 0:20:02]} Rd2+
{[%clk 0:07:21]} 39. Ke3 {[%clk 0:18:42]} Rb2 {[%clk 0:04:39]} 40. Kd3
{[%clk 0:15:31]} Rxb4 {[%clk 0:03:48]} 41. d6 {[%clk 0:15:38]} Rb6
{[%clk 0:03:55]} 42. Nb5 {[%clk 0:15:47]} Kf7 {[%clk 0:03:49]} 43. Re3
{[%clk 0:15:24]} f4 {[%clk 0:03:18]} 44. Re7+ {[%clk 0:14:33]} Kf6
{[%clk 0:02:42]} 45. Rc7 {[%clk 0:14:01]} a6 {[%clk 0:02:30]} 46. d7
{[%clk 0:13:26]} Bxd7 {[%clk 0:02:42]} 47. Rxd7 {[%clk 0:13:10]} axb5
{[%clk 0:03:04]} 48. a5 {[%clk 0:12:53]} Ra6 {[%clk 0:03:03]} 49. Rxb7
{[%clk 0:13:14]} Rxa5 {[%clk 0:03:25]} 50. Ke2 {[%clk 0:13:19]} Kf5
{[%clk 0:02:54]} 51. Kf2 {[%clk 0:13:23]} Kg4 {[%clk 0:03:01]} 52. Kg2
{[%clk 0:13:38]} Ra2+ {[%clk 0:03:22]} 53. Kf1 {[%clk 0:14:03]} Kf3
{[%clk 0:03:31]} 54. Kg1 {[%clk 0:14:02]} Kg3 {[%clk 0:03:49]} 55. Kf1
{[%clk 0:14:17]} f3 {[%clk 0:04:12]} 56. Ke1 {[%clk 0:14:30]} f2+
{[%clk 0:04:30]} 57. Kf1 {[%clk 0:14:43]} Ra1+ {[%clk 0:04:52]} 0-1

[Event "EUYCC 2025 - U12"]
[Site "?"]
[Date "2025.08.26"]
[Round "8.8"]
[White "Slusarczyk, Agnieszka"]
[Black "Hamernikova, Iris"]
[Result "1-0"]
[BlackElo "1511"]
[WhiteElo "1702"]
[LiveChessVersion "1.4.8"]

1. e4 {[%clk 1:30:55]} e6 {[%clk 1:30:53]} 2. b3 {[%clk 1:30:38]} d5
{[%clk 1:31:15]} 3. Bb2 {[%clk 1:30:56]} dxe4 {[%clk 1:29:58]} 4. Nc3
{[%clk 1:28:56]} Nf6 {[%clk 1:29:44]} 5. Qe2 {[%clk 1:23:12]} Be7
{[%clk 1:29:01]} 6. O-O-O {[%clk 1:22:06]} Nc6 {[%clk 1:29:01]} 7. Nxe4
{[%clk 1:16:57]} a5 {[%clk 1:20:35]} 8. a4 {[%clk 1:13:51]} Nb4 {[%clk 1:05:52]}
9. g3 {[%clk 1:01:22]} Bd7 {[%clk 0:58:18]} 10. Bg2 {[%clk 0:56:06]} b5
{[%clk 0:32:47]} 11. Nxf6+ {[%clk 0:50:54]} Bxf6 {[%clk 0:32:40]} 12. Bxa8
{[%clk 0:46:16]} Bxb2+ {[%clk 0:32:15]} 13. Kxb2 {[%clk 0:45:54]} Qxa8
{[%clk 0:32:41]} 14. f3 {[%clk 0:38:56]} bxa4 {[%clk 0:32:59]} 15. Ra1
{[%clk 0:28:31]} O-O {[%clk 0:24:34]} 16. c3 {[%clk 0:26:57]} Nd5
{[%clk 0:21:58]} 17. c4 {[%clk 0:21:47]} Nb4 {[%clk 0:21:55]} 18. bxa4
{[%clk 0:19:25]} Rb8 {[%clk 0:21:43]} 19. Kc1 {[%clk 0:18:43]} Qb7
{[%clk 0:20:25]} 20. d4 {[%clk 0:15:19]} Nc6 {[%clk 0:14:50]} 21. Qd2
{[%clk 0:13:58]} Qb3 {[%clk 0:14:49]} 22. Ne2 {[%clk 0:11:38]} Qxf3
{[%clk 0:09:17]} 23. Rd1 {[%clk 0:11:38]} Qf5 {[%clk 0:05:32]} 24. Qd3
{[%clk 0:11:10]} Qg5+ {[%clk 0:05:43]} 25. Nf4 {[%clk 0:10:04]} Nb4
{[%clk 0:05:43]} 26. Qe3 {[%clk 0:09:00]} Qf5 {[%clk 0:05:33]} 27. Nd3
{[%clk 0:09:01]} Na6 {[%clk 0:04:12]} 28. Qf4 {[%clk 0:08:47]} Qh5
{[%clk 0:04:22]} 29. g4 {[%clk 0:08:33]} Qh3 {[%clk 0:04:36]} 30. Qg3
{[%clk 0:08:21]} Qh6+ {[%clk 0:05:00]} 31. g5 {[%clk 0:08:27]} Qh5
{[%clk 0:05:06]} 32. Nf4 {[%clk 0:08:47]} Qxd1+ {[%clk 0:03:03]} 33. Kxd1
{[%clk 0:09:11]} Rb4 {[%clk 0:03:29]} 34. Nd3 {[%clk 0:09:05]} Rb3
{[%clk 0:02:59]} 35. Ke2 {[%clk 0:07:08]} Kf8 {[%clk 0:01:17]} 36. Qe5
{[%clk 0:07:17]} Nb4 {[%clk 0:00:45]} 37. Nxb4 {[%clk 0:07:30]} Rxb4
{[%clk 0:01:05]} 38. Qxc7 {[%clk 0:07:46]} Rb2+ {[%clk 0:01:25]} 39. Kd3
{[%clk 0:08:05]} Ke7 {[%clk 0:01:17]} 40. Qxa5 {[%clk 0:08:20]} Rg2
{[%clk 0:01:18]} 41. Rb1 {[%clk 0:08:01]} 1-0

[Event "EUYCC 2025 - U12"]
[Site "?"]
[Date "2025.08.26"]
[Round "8.9"]
[White "Janovicek, Lukas"]
[Black "Reren, Alexis Miriam"]
[Result "0-1"]
[BlackElo "1576"]
[WhiteElo "1835"]
[LiveChessVersion "1.4.8"]

1. e4 {[%clk 1:30:58]} c5 {[%clk 1:30:54]} 2. Nf3 {[%clk 1:31:16]} d6
{[%clk 1:31:12]} 3. c3 {[%clk 1:31:04]} Nf6 {[%clk 1:31:19]} 4. Be2
{[%clk 1:31:14]} g6 {[%clk 1:31:07]} 5. O-O {[%clk 1:31:20]} Bg7 {[%clk 1:31:15]}
6. Bb5+ {[%clk 1:31:20]} Nbd7 {[%clk 1:28:17]} 7. Qe2 {[%clk 1:30:24]} O-O
{[%clk 1:25:28]} 8. d4 {[%clk 1:28:24]} cxd4 {[%clk 1:22:56]} 9. cxd4
{[%clk 1:28:42]} a6 {[%clk 1:22:58]} 10. Bd3 {[%clk 1:28:27]} b5 {[%clk 1:16:35]}
11. e5 {[%clk 1:13:36]} Ne8 {[%clk 1:11:38]} 12. e6 {[%clk 1:06:52]} Ndf6
{[%clk 1:05:34]} 13. exf7+ {[%clk 0:53:12]} Rxf7 {[%clk 1:02:39]} 14. Ng5
{[%clk 0:52:51]} Rf8 {[%clk 1:00:43]} 15. d5 {[%clk 0:44:33]} Nc7
{[%clk 0:52:41]} 16. Ne6 {[%clk 0:43:35]} Nxe6 {[%clk 0:47:34]} 17. dxe6
{[%clk 0:43:49]} Bb7 {[%clk 0:47:25]} 18. f4 {[%clk 0:39:56]} Nd5
{[%clk 0:29:07]} 19. f5 {[%clk 0:34:34]} Qb6+ {[%clk 0:23:08]} 20. Kh1
{[%clk 0:34:14]} Nb4 {[%clk 0:19:17]} 21. Be4 {[%clk 0:16:38]} d5
{[%clk 0:15:45]} 22. Bd3 {[%clk 0:08:04]} Nxd3 {[%clk 0:13:07]} 23. Qxd3
{[%clk 0:08:27]} Rxf5 {[%clk 0:12:54]} 24. Rxf5 {[%clk 0:05:04]} gxf5
{[%clk 0:13:14]} 25. Nd2 {[%clk 0:02:35]} Qxe6 {[%clk 0:12:35]} 26. Nf3
{[%clk 0:02:39]} Qe4 {[%clk 0:11:42]} 27. Qb3 {[%clk 0:01:52]} Qc4
{[%clk 0:10:21]} 28. Qd1 {[%clk 0:00:51]} d4 {[%clk 0:09:42]} 29. Bg5
{[%clk 0:00:43]} e5 {[%clk 0:08:37]} 30. Rc1 {[%clk 0:00:54]} Qd5
{[%clk 0:08:25]} 31. Qf1 {[%clk 0:00:52]} Rf8 {[%clk 0:07:57]} 32. Rc7
{[%clk 0:00:54]} Rf7 {[%clk 0:07:46]} 33. Qc1 {[%clk 0:01:04]} e4
{[%clk 0:05:41]} 34. Nh4 {[%clk 0:00:36]} Be5 {[%clk 0:04:46]} 35. Rxf7
{[%clk 0:00:43]} Qxf7 {[%clk 0:04:59]} 36. Qc5 {[%clk 0:00:46]} Qc4
{[%clk 0:04:20]} 37. Qxc4+ {[%clk 0:00:51]} bxc4 {[%clk 0:04:45]} 38. Nxf5
{[%clk 0:01:11]} d3 {[%clk 0:04:26]} 39. Bc1 {[%clk 0:01:24]} c3 {[%clk 0:04:03]}
40. bxc3 {[%clk 0:01:29]} Bxc3 {[%clk 0:04:23]} 41. Ne3 {[%clk 0:01:49]} d2
{[%clk 0:04:00]} 42. Ba3 {[%clk 0:01:33]} Bd4 {[%clk 0:03:34]} 43. Nd1
{[%clk 0:01:33]} e3 {[%clk 0:03:43]} 44. Bb2 {[%clk 0:01:42]} e2 {[%clk 0:03:36]}
0-1

[Event "EUYCC 2025 - U12"]
[Site "?"]
[Date "2025.08.26"]
[Round "8.10"]
[White "Svabova, Klara"]
[Black "Bogomolnikova, Zlata"]
[Result "0-1"]
[BlackElo "1798"]
[WhiteElo "1653"]
[LiveChessVersion "1.4.8"]

1. d4 {[%clk 1:30:58]} d5 {[%clk 1:30:52]} 2. c4 {[%clk 1:31:22]} c6
{[%clk 1:31:15]} 3. Nc3 {[%clk 1:31:39]} Nf6 {[%clk 1:31:34]} 4. Bg5
{[%clk 1:32:02]} e6 {[%clk 1:31:51]} 5. e3 {[%clk 1:32:22]} Nbd7 {[%clk 1:31:08]}
6. Nf3 {[%clk 1:32:44]} Qa5 {[%clk 1:30:55]} 7. Nd2 {[%clk 1:33:01]} Bb4
{[%clk 1:28:54]} 8. Qc2 {[%clk 1:33:03]} O-O {[%clk 1:23:15]} 9. f3
{[%clk 1:28:40]} dxc4 {[%clk 1:20:51]} 10. Bxf6 {[%clk 1:28:49]} Nxf6
{[%clk 1:21:13]} 11. Nxc4 {[%clk 1:28:06]} Qc7 {[%clk 1:18:11]} 12. Bd3
{[%clk 1:24:57]} c5 {[%clk 1:13:12]} 13. O-O {[%clk 1:20:44]} Bxc3
{[%clk 1:07:24]} 14. bxc3 {[%clk 1:20:13]} b5 {[%clk 1:03:37]} 15. Nb2
{[%clk 1:12:14]} c4 {[%clk 1:02:23]} 16. Be2 {[%clk 1:10:23]} Nd5
{[%clk 1:00:38]} 17. Nd1 {[%clk 1:10:31]} Bb7 {[%clk 0:54:31]} 18. e4
{[%clk 1:07:22]} Nf4 {[%clk 0:52:42]} 19. Ne3 {[%clk 1:06:42]} Rae8
{[%clk 0:49:53]} 20. Rab1 {[%clk 1:06:08]} a6 {[%clk 0:49:23]} 21. g3
{[%clk 1:03:21]} Nxe2+ {[%clk 0:49:30]} 22. Qxe2 {[%clk 1:03:43]} f5
{[%clk 0:49:40]} 23. Ng2 {[%clk 1:02:40]} Qc6 {[%clk 0:36:36]} 24. e5
{[%clk 0:58:29]} g6 {[%clk 0:32:18]} 25. Qb2 {[%clk 0:55:29]} Qd7
{[%clk 0:30:28]} 26. Rbd1 {[%clk 0:54:02]} Bd5 {[%clk 0:30:39]} 27. Qd2
{[%clk 0:53:28]} Rb8 {[%clk 0:26:33]} 28. Nf4 {[%clk 0:52:39]} Qc6
{[%clk 0:25:25]} 29. Kg2 {[%clk 0:50:53]} a5 {[%clk 0:23:57]} 30. Rb1
{[%clk 0:50:16]} b4 {[%clk 0:20:23]} 31. Ne2 {[%clk 0:43:45]} Qa4
{[%clk 0:17:33]} 32. h4 {[%clk 0:42:47]} b3 {[%clk 0:12:11]} 33. a3
{[%clk 0:43:03]} Qxa3 {[%clk 0:08:25]} 34. h5 {[%clk 0:43:21]} Qe7
{[%clk 0:08:10]} 35. hxg6 {[%clk 0:43:23]} hxg6 {[%clk 0:06:33]} 36. Rh1
{[%clk 0:42:57]} Qg7 {[%clk 0:06:18]} 37. Rh2 {[%clk 0:42:50]} Kf7
{[%clk 0:06:07]} 38. Qg5 {[%clk 0:42:54]} Rh8 {[%clk 0:05:25]} 39. Rbh1
{[%clk 0:42:41]} Rxh2+ {[%clk 0:05:24]} 40. Rxh2 {[%clk 0:43:01]} b2
{[%clk 0:05:05]} 41. Rh1 {[%clk 0:42:15]} b1=Q {[%clk 0:05:08]} 42. Rxb1
{[%clk 0:42:37]} Rxb1 {[%clk 0:05:33]} 43. Nf4 {[%clk 0:42:56]} Rb2+
{[%clk 0:05:03]} 44. Kf1 {[%clk 0:43:18]} Qh7 {[%clk 0:04:11]} 45. Qf6+
{[%clk 0:43:37]} Ke8 {[%clk 0:04:25]} 46. Nh5 {[%clk 0:43:39]} Qxh5
{[%clk 0:04:28]} 0-1

[Event "EUYCC 2025 - U12"]
[Site "?"]
[Date "2025.08.26"]
[Round "8.11"]
[White "Hrckova, Anna"]
[Black "Vanek, Martin"]
[Result "1-0"]
[BlackElo "1791"]
[WhiteElo "1705"]
[LiveChessVersion "1.4.8"]

1. e4 {[%clk 1:30:58]} e6 {[%clk 1:30:59]} 2. d4 {[%clk 1:31:18]} d5
{[%clk 1:31:23]} 3. Nd2 {[%clk 1:31:44]} c5 {[%clk 1:31:48]} 4. c3
{[%clk 1:29:06]} cxd4 {[%clk 1:32:12]} 5. cxd4 dxe4 {[%clk 1:32:35]} 6. Nxe4
{[%clk 1:28:32]} Nf6 {[%clk 1:32:57]} 7. Nxf6+ {[%clk 1:28:12]} Qxf6
{[%clk 1:33:24]} 8. Nf3 {[%clk 1:28:23]} Bb4+ {[%clk 1:32:48]} 9. Bd2
{[%clk 1:28:07]} Bxd2+ {[%clk 1:32:49]} 10. Qxd2 {[%clk 1:28:15]} O-O
{[%clk 1:31:21]} 11. Be2 {[%clk 1:26:00]} Nc6 {[%clk 1:26:54]} 12. O-O Rd8
{[%clk 1:24:33]} 13. Rfd1 {[%clk 1:17:57]} Nxd4 {[%clk 1:14:53]} 14. Nxd4
{[%clk 1:16:09]} e5 {[%clk 1:15:13]} 15. Qb4 {[%clk 1:07:03]} exd4
{[%clk 1:14:19]} 16. Rd2 {[%clk 1:07:05]} a5 {[%clk 1:01:37]} 17. Qa4
{[%clk 0:46:25]} Bf5 {[%clk 0:35:54]} 18. Rad1 {[%clk 0:33:19]} d3
{[%clk 0:30:16]} 19. Bf1 {[%clk 0:31:56]} Qd4 {[%clk 0:27:15]} 20. Qb5
{[%clk 0:31:04]} Qd5 {[%clk 0:25:06]} 21. Bxd3 {[%clk 0:28:49]} Rac8
{[%clk 0:13:38]} 22. Bf1 {[%clk 0:20:45]} Qxb5 {[%clk 0:10:25]} 23. Rxd8+
{[%clk 0:21:02]} Qe8 24. Rxe8+ {[%clk 0:21:24]} Rxe8 {[%clk 0:11:03]} 25. Rd5
{[%clk 0:21:43]} g6 {[%clk 0:10:22]} 26. Rxa5 {[%clk 0:22:09]} Re1
{[%clk 0:09:12]} 27. Rd5 {[%clk 0:22:21]} Be6 {[%clk 0:08:18]} 28. Rd8+
{[%clk 0:22:01]} Kg7 {[%clk 0:08:40]} 29. b3 {[%clk 0:22:25]} Ra1
{[%clk 0:08:12]} 30. Rd2 {[%clk 0:22:44]} b5 {[%clk 0:04:52]} 31. f3
{[%clk 0:22:06]} b4 {[%clk 0:04:41]} 32. Kf2 {[%clk 0:21:11]} g5 {[%clk 0:03:03]}
33. Be2 {[%clk 0:19:20]} h6 {[%clk 0:02:13]} 34. Ke3 {[%clk 0:19:06]} Kf6
{[%clk 0:01:53]} 35. Kd4 {[%clk 0:19:04]} Rc1 {[%clk 0:01:44]} 36. Bc4
{[%clk 0:16:11]} Bxc4 {[%clk 0:00:57]} 37. bxc4 {[%clk 0:16:39]} Ke6
{[%clk 0:01:00]} 38. Kc5 {[%clk 0:15:52]} Rb1 {[%clk 0:01:20]} 39. Kc6
{[%clk 0:15:29]} b3 {[%clk 0:01:03]} 40. Re2+ {[%clk 0:15:27]} Kf6
{[%clk 0:01:23]} 41. axb3 {[%clk 0:15:47]} Rxb3 {[%clk 0:01:46]} 42. c5
{[%clk 0:15:57]} Rb1 {[%clk 0:01:52]} 43. Kc7 {[%clk 0:16:12]} Rc1
{[%clk 0:01:50]} 44. c6 {[%clk 0:16:35]} Rd1 {[%clk 0:02:02]} 45. Kc8
{[%clk 0:16:03]} Rc1 {[%clk 0:02:21]} 46. c7 {[%clk 0:16:29]} Rd1
{[%clk 0:02:18]} 47. Re4 Kg7 48. Kb7 {[%clk 0:15:37]} Rb1+ {[%clk 0:02:40]} 49.
Kc6 {[%clk 0:15:57]} Rc1+ {[%clk 0:02:48]} 50. Kb6 {[%clk 0:16:12]} f5
{[%clk 0:02:53]} 51. Re5 {[%clk 0:16:27]} 1-0

[Event "EUYCC 2025 - U12"]
[Site "?"]
[Date "2025.08.26"]
[Round "8.12"]
[White "Menkov, Ivan"]
[Black "Salim, Florian"]
[Result "1-0"]
[BlackElo "1649"]
[WhiteElo "1657"]
[LiveChessVersion "1.4.8"]

1. e4 {[%clk 1:30:58]} c5 {[%clk 1:30:57]} 2. Nf3 {[%clk 1:31:23]} Nc6
{[%clk 1:31:23]} 3. Bb5 {[%clk 1:31:47]} g6 {[%clk 1:31:42]} 4. O-O
{[%clk 1:32:01]} Bg7 {[%clk 1:31:58]} 5. Re1 {[%clk 1:32:18]} Nf6
{[%clk 1:31:50]} 6. c3 {[%clk 1:32:43]} O-O {[%clk 1:32:02]} 7. d4
{[%clk 1:33:07]} d5 {[%clk 1:28:30]} 8. e5 {[%clk 1:33:30]} Ne4 {[%clk 1:28:36]}
9. Nbd2 {[%clk 1:33:54]} Nxd2 {[%clk 1:25:56]} 10. Bxd2 {[%clk 1:33:45]} cxd4
{[%clk 1:24:04]} 11. cxd4 {[%clk 1:34:07]} Bf5 {[%clk 1:13:22]} 12. Bxc6
{[%clk 1:32:15]} bxc6 {[%clk 1:13:33]} 13. Rc1 {[%clk 1:32:00]} Qb6
{[%clk 1:09:47]} 14. Bc3 {[%clk 1:30:21]} Rfc8 {[%clk 1:08:41]} 15. b4
{[%clk 1:29:05]} Bf8 {[%clk 0:59:33]} 16. a3 {[%clk 1:28:55]} Rab8
{[%clk 0:50:06]} 17. Nd2 {[%clk 1:28:21]} Bd7 {[%clk 0:40:10]} 18. Nb3
{[%clk 1:27:41]} Qd8 {[%clk 0:37:48]} 19. Nc5 {[%clk 1:27:05]} e6
{[%clk 0:36:17]} 20. Bd2 {[%clk 1:27:26]} Rb6 {[%clk 0:33:22]} 21. Qg4
{[%clk 1:24:59]} Rcb8 {[%clk 0:32:33]} 22. Bg5 {[%clk 1:24:55]} Qe8
{[%clk 0:31:49]} 23. Qh4 {[%clk 1:24:04]} Rb5 {[%clk 0:30:37]} 24. Re3
{[%clk 1:21:46]} h5 {[%clk 0:27:29]} 25. g4 {[%clk 1:21:57]} hxg4
{[%clk 0:26:47]} 26. Qxg4 {[%clk 1:21:37]} Be7 {[%clk 0:26:38]} 27. Rh3
{[%clk 1:19:15]} Bxg5 {[%clk 0:25:55]} 28. Qxg5 {[%clk 1:19:38]} Qf8
{[%clk 0:24:59]} 29. Nxd7 {[%clk 1:19:59]} Qg7 {[%clk 0:25:15]} 30. Qe7
{[%clk 1:20:00]} a5 {[%clk 0:24:54]} 31. Nf6+ {[%clk 1:20:22]} Qxf6
{[%clk 0:25:18]} 32. Qxf6 {[%clk 1:20:47]} Kf8 {[%clk 0:25:38]} 33. Rh8# 1-0

[Event "EUYCC 2025 - U12"]
[Site "?"]
[Date "2025.08.26"]
[Round "8.13"]
[White "Krastinsh, Daniels"]
[Black "Hroch, Pavel"]
[Result "1/2-1/2"]
[BlackElo "1457"]
[WhiteElo "1560"]
[LiveChessVersion "1.4.8"]

1. e4 {[%clk 1:30:49]} e5 {[%clk 1:30:58]} 2. Nf3 {[%clk 1:30:46]} Nc6
{[%clk 1:31:16]} 3. Bb5 {[%clk 1:30:38]} Nf6 {[%clk 1:31:32]} 4. O-O
{[%clk 1:30:35]} Nxe4 {[%clk 1:31:55]} 5. d4 {[%clk 1:30:28]} Nd6
{[%clk 1:32:16]} 6. dxe5 {[%clk 1:30:02]} Nxb5 {[%clk 1:32:36]} 7. a4
{[%clk 1:29:52]} Nbd4 {[%clk 1:29:49]} 8. Nxd4 {[%clk 1:30:10]} Bc5
{[%clk 1:30:00]} 9. Nb3 {[%clk 1:26:57]} d6 {[%clk 1:26:58]} 10. exd6
{[%clk 1:24:03]} Qxd6 {[%clk 1:26:36]} 11. Nxc5 {[%clk 1:18:41]} Qxc5
{[%clk 1:26:53]} 12. Qe2+ {[%clk 1:17:29]} Be6 {[%clk 1:26:41]} 13. Be3
{[%clk 1:17:00]} Qe5 {[%clk 1:25:11]} 14. Qb5 {[%clk 1:11:37]} Qxb5
{[%clk 1:24:41]} 15. axb5 {[%clk 1:12:01]} Nb4 {[%clk 1:24:50]} 16. Na3
{[%clk 1:09:59]} O-O {[%clk 1:24:33]} 17. Bc5 {[%clk 1:10:05]} Nd5
{[%clk 1:22:30]} 18. Bxf8 {[%clk 1:09:36]} Rxf8 {[%clk 1:22:56]} 19. Nb1
{[%clk 1:07:30]} Ra8 {[%clk 1:22:39]} 20. Nd2 {[%clk 1:07:05]} Nb4
{[%clk 1:20:30]} 21. Nf3 {[%clk 0:58:26]} Bc4 {[%clk 1:18:14]} 22. Rfd1
{[%clk 0:56:42]} Bxb5 {[%clk 1:17:26]} 23. Nd4 {[%clk 0:56:11]} Ba6
{[%clk 1:16:28]} 24. c3 {[%clk 0:54:31]} Nd3 {[%clk 1:15:30]} 25. b4
{[%clk 0:54:24]} Bc4 26. Nf5 {[%clk 0:47:47]} Kf8 {[%clk 1:11:26]} 27. Ne3
{[%clk 0:47:40]} b5 {[%clk 1:08:49]} 28. Nxc4 {[%clk 0:47:05]} bxc4
{[%clk 1:09:12]} 29. Ra6 {[%clk 0:45:43]} c5 {[%clk 1:05:58]} 30. bxc5
{[%clk 0:45:02]} Nxc5 {[%clk 1:06:20]} 31. Rc6 {[%clk 0:45:19]} Na4
{[%clk 1:06:07]} 32. Ra1 {[%clk 0:43:11]} Nxc3 {[%clk 1:05:13]} 33. Rxc4
{[%clk 0:43:29]} Nd5 {[%clk 1:04:50]} 34. Rca4 {[%clk 0:43:13]} g6
{[%clk 0:59:51]} 35. Rxa7 {[%clk 0:43:27]} Rxa7 {[%clk 1:00:13]} 36. Rxa7
{[%clk 0:43:52]} Kg7 {[%clk 1:00:32]} 37. g3 {[%clk 0:44:01]} h6 {[%clk 1:00:24]}
38. Kg2 {[%clk 0:44:21]} Nc3 {[%clk 1:00:20]} 39. h3 {[%clk 0:43:36]} Nb5
{[%clk 1:00:41]} 40. Ra5 {[%clk 0:43:08]} Nd4 {[%clk 1:00:37]} 41. Rd5
{[%clk 0:42:18]} Nf5 {[%clk 1:00:13]} 1/2-1/2